000 00583nam a2200169 i 4500
001 142690
003 ES-MaACL
005 20230906200609.0
007 t|
008 071009s1962 uy ||||1| spa d
100 1 _aViana, Javier de.
_9114281
245 1 0 _aPáginas ejemplares de la literatura uruguaya /
_cJavier de Viana.
260 _aMontevideo :
_bMinisterio de Instrucción Pública y Previsión Social,
_c1962.
300 _a46 p. ;
_c17 cm.
710 1 _aUruguay.
_bMinisterio de Instrucción Pública y Previsión Social.
_97529
852 _aES-MaACL
_j2051-F-15
_bR.60916
999 _c142690
_d142690